¿Es necesario incorporar a la sociedad unipersonal en la legislación societaria peruana? (Registro nro. 22233)

000 -Cabecera
Campo de control interno 00748nam a2200205 4500
001 - Número de control
control field ESSALUD
007 - Tipo material - Descripcion fisica - info general
Tipo material - Descripcion fisica - info general ta
008 - Elementos de Longitud Fija - Información General
Elementos de Longitud Fija - Información t2025 pe ||||| |||| 00| 0 spa d
040 ## - Origen de la Catalogación
Origen de la Catalogación BMG
041 ## - Idioma
Idioma spa
100 ## - Autor
Autor Calderón De los Santos, Gloria
Rol del Autor autor
9 (RLIN) 51634
245 ## - Titulo
Titulo ¿Es necesario incorporar a la sociedad unipersonal en la legislación societaria peruana?
300 ## - Páginas
Paginación páginas 209-228
650 ## - Temas - Descriptores
Temas - Descriptores SOCIEDADES
9 (RLIN) 4012
650 ## - Temas - Descriptores
Temas - Descriptores LEGISLACIÓN
9 (RLIN) 209
653 ## - Palabras claves
Palabras claves DERECHO SOCIETARIO
653 ## - Palabras claves
Palabras claves SOCIEDAD UNIPERSONAL
773 0# - Revista (Relacion con el numero)
Host Biblionumber 19945
Host Itemnumber 22508
Ciudad, Editorial Lima Gaceta Jurídica Editores, 2013-
Codigo barras item/ejemplar GACIV027
Titulo de la Revista Gaceta civil & procesal civil : información especializada para abogados y jueces
Número de control de registro ESSALUD
ISSN 2305-3259
942 ## - Elementos de Koha
Tipo de Documento Artículos
Fecha procesamiento 2026-02-27
Catalogador AFC

No hay ítems disponibles.